000 00453nam a2200181Ia 4500
001 15966
005 20260306170234.0
008 260306t2008||||xx |||||||||||||| ||und||
041 _aESP
082 _a620.86
_bM28C
100 _aFloría, Pedro Mateto
_eAUT
245 0 _aCasos prácticos de prevención de riesgos laborales
260 _c2008
300 _a496 páginas :
_c23 cm.
650 _aGEN
654 _aCII
942 _cLIB
_dJUS
_fJUS
_2ddc
_n
999 _c15966
_d15966